Score 0/30 Timer 08:00
10 Plays Today
% Correct
The Wizard of Oz
93.9%
Singin' in the Rain
90.7%
Psycho
88.1%
Alien
87.9%
Independence Day
86.1%
The Sound of Music
81.6%
The Shining
80.2%
Good Will Hunting
78.3%
Babe
75.4%
Big
74.3%
The Revenant
72.9%
Black Hawk Down
64.6%
Indiana Jones and the Last Crusade
63.4%
The Perfect Storm
61.3%
The Wolf of Wall Street
59.9%
% Correct
Rear Window
59.1%
The Italian Job
54.5%
The Hurt Locker
54.1%
Wild Wild West
51.9%
Hellraiser
47.7%
Cool Runnings
45.9%
The Deer Hunter
44.9%
When Harry Met Sally...
42.4%
Superbad
39.8%
Short Circuit
38.8%
Butch Cassidy and the Sundance Kid
31.9%
The Elephant Man
25.5%
Billy Elliot
23.3%
The Princess Bride
21.3%
Trainspotting
16.4%
Remove Ads.
Support Sporcle.
Get the best of Sporcle when you Go Orange. This ad-free experience offers more features, more stats, and more fun while also helping to support Sporcle. Thank you for becoming a member.

You're not logged in!

Compare scores with friends on all Sporcle quizzes.
OR
Log In

Show Comments

Extras

Top Quizzes Today


Score Distribution

Your Account Isn't Verified!

In order to create a playlist on Sporcle, you need to verify the email address you used during registration. Go to your Sporcle Settings to finish the process.

Report this User

Report this user for behavior that violates our Community Guidelines.

Details: